|
|
|
|
| LEADER |
00000nam0a2200000 4500 |
| 001 |
303738 |
| 005 |
20231102001631.0 |
| 035 |
|
|
|a (RuTPU)RU\TPU\book\328965
|
| 090 |
|
|
|a 303738
|
| 100 |
|
|
|a 20150904d1959 m y0rusy50 ca
|
| 101 |
0 |
|
|a rus
|
| 102 |
|
|
|a RU
|
| 105 |
|
|
|a a j 001zy
|
| 200 |
1 |
|
|a Технология электроприборостроения
|e учебное пособие
|f Б. Н. Иванов [и др.]
|
| 210 |
|
|
|a Москва
|a Ленинград
|c Госэнергоиздат
|d 1959
|
| 215 |
|
|
|a 590 с.
|c ил.
|
| 320 |
|
|
|a Библиогр.: с. 589-590.
|
| 606 |
1 |
|
|a Электроприборостроение
|2 stltpush
|3 (RuTPU)RU\TPU\subj\20675
|9 45763
|
| 610 |
1 |
|
|a учебные пособия
|
| 610 |
1 |
|
|a технологические процессы
|
| 610 |
1 |
|
|a механическая обработка
|
| 610 |
1 |
|
|a точность
|
| 610 |
1 |
|
|a проектирование
|
| 610 |
1 |
|
|a качество
|
| 610 |
1 |
|
|a пластмассы
|
| 610 |
1 |
|
|a покрытия
|
| 610 |
1 |
|
|a узлы
|
| 610 |
1 |
|
|a детали
|
| 610 |
1 |
|
|a сборка
|
| 610 |
1 |
|
|a регулировка
|
| 610 |
1 |
|
|a градуировка
|
| 610 |
1 |
|
|a поверка
|
| 610 |
1 |
|
|a испытание
|
| 675 |
|
|
|a 621.31.002(075.8)
|v 3
|
| 701 |
|
1 |
|a Иванов
|b Б. Н.
|
| 701 |
|
1 |
|a Ткалин
|b И. М.
|
| 701 |
|
1 |
|a Солнцев
|b В. А.
|
| 701 |
|
1 |
|a Штрум
|b В. Л.
|
| 701 |
|
1 |
|a Шнейдер
|b Р. И.
|
| 701 |
|
1 |
|a Маянский
|b И. И.
|
| 701 |
|
1 |
|a Борисова
|b В. П.
|
| 801 |
|
1 |
|a RU
|b 63413507
|c 20150904
|
| 801 |
|
2 |
|a RU
|b 63413507
|c 20221201
|g RCR
|
| 942 |
|
|
|c BK
|